Ciudadanos y locos: historia social de la psiquiatría

Uloženo v:
Podrobná bibliografie
Hlavní autor: Dörner, Klaus (Autor)
Médium: Kniha
Jazyk:španělština
Vydáno: Madrid Taurus 1974
Témata:
Tagy: Přidat tag
Žádné tagy, Buďte první, kdo vytvoří štítek k tomuto záznamu!

MARC

LEADER 00000nam a2200000 a 4500
001 UCP7528
003 CL-VaPUC
008 991217e19740000SP |||||||||||||||||spa|d
082 0 4 |a 302.542  |b DOR  |2 21 
100 0 |a Dörner, Klaus  |e author  |9 436947 
245 1 0 |a Ciudadanos y locos: historia social de la psiquiatría 
300 |a 442 p 
942 |c BK 
945 |d 19991217 00:00:00  |a rherrera 
260 |a Madrid  |b Taurus  |c 1974 
650 0 |a Historia social  |9 313638 
650 7 |a SOCIOLOGIA Y PSICOLOGIA SOCIAL  |2 CL-VaPUC  |9 436948 
650 0 |a Psiquiatría  |9 308427 
651 0 |a Inglaterra  |9 255158 
651 0 |a Alemania  |9 255688 
651 0 |a Francia  |9 255157 
583 |a last modification  |c 19991217 00:00:00  |k Rodrigo Vera 
999 |c 284651  |d 284649 
952 |0 0  |1 0  |4 0  |6 302_542000000000000_DOR_1974  |7 0  |8 A  |9 328814  |a BIBHIS  |b BIBHIS  |d 2019-11-20  |i 137866K  |o 302.542 DOR 1974  |p 137866K  |r 2025-01-20  |w 2019-11-20  |y BK  |k HIS